Геохимические и Sr-Nd изотопные характеристики девонских базитов Копьевского и Новоселовского поднятий северной части Минусинского прогиба; Известия Томского политехнического университета [Известия ТПУ]; Т. 317, № 1: Науки о Земле

Dades bibliogràfiques
Parent link:Известия Томского политехнического университета [Известия ТПУ]/ Томский политехнический университет (ТПУ).— , 2000-
Т. 317, № 1: Науки о Земле.— 2010.— [С. 92-97]
Autor principal: Воронцов А. А.
Altres autors: Федосеев Г. С.
Sumari:Заглавие с титульного листа
Электронная версия печатной публикации
Приведены данные о строении Копьевского и Новоселовского поднятий Чебаково-Балахтинской впадины Минусинского прогиба, рассмотрены геохимические и изотопные особенности базитов этих поднятий и предложена модель формирования источников исходных расплавов. По содержанию петрогенных элементов и редких литофильных элементов базиты сходны между собою, различаясь лишь по обогащенности тяжелыми редкими землями, Rb, Nb и Ta. Показано, что в сравнении с внутриплитовыми субщелочными базальтами типа OIB изученные базиты обеднены высокозарядными некогерентными элементами Nb, Ta, Zr, Hf, Ti и обогащены тяжелыми редкими землями, Ba и Sr. Предполагается ассимиляция расплавом типа PREMA карбонатного материала, приведшая к отклонению состава базитов от поля мантийной корреляции в сторону обогащения радиогенным стронцием.
Idioma:rus
Publicat: 2010
Col·lecció:Геохимия
Matèries:
Accés en línia:http://www.lib.tpu.ru/fulltext/v/Bulletin_TPU/2010/v317/i1/16.pdf
Format: MixedMaterials Electrònic Capítol de llibre
KOHA link:https://koha.lib.tpu.ru/cgi-bin/koha/opac-detail.pl?biblionumber=188169

MARC

LEADER 00000nla2a2200000 4500
001 188169
005 20231031174841.0
035 |a (RuTPU)RU\TPU\book\204395 
035 |a RU\TPU\book\204394 
090 |a 188169 
100 |a 20101205d2010 k y0rusy50 ca 
101 0 |a rus 
102 |a RU 
135 |a drnn ---uucaa 
181 0 |a i  
182 0 |a b 
200 1 |a Геохимические и Sr-Nd изотопные характеристики девонских базитов Копьевского и Новоселовского поднятий северной части Минусинского прогиба  |b Электронный ресурс  |f А. А. Воронцов, Г. С. Федосеев 
203 |a Текст  |c электронный 
215 |a 1 файл (1.7 Мб) 
225 1 |a Геохимия 
230 |a Электронные текстовые данные (1 файл : 1.7 Мб) 
300 |a Заглавие с титульного листа 
300 |a Электронная версия печатной публикации 
320 |a [Библиогр.: с. 97 (10 назв.)] 
330 |a Приведены данные о строении Копьевского и Новоселовского поднятий Чебаково-Балахтинской впадины Минусинского прогиба, рассмотрены геохимические и изотопные особенности базитов этих поднятий и предложена модель формирования источников исходных расплавов. По содержанию петрогенных элементов и редких литофильных элементов базиты сходны между собою, различаясь лишь по обогащенности тяжелыми редкими землями, Rb, Nb и Ta. Показано, что в сравнении с внутриплитовыми субщелочными базальтами типа OIB изученные базиты обеднены высокозарядными некогерентными элементами Nb, Ta, Zr, Hf, Ti и обогащены тяжелыми редкими землями, Ba и Sr. Предполагается ассимиляция расплавом типа PREMA карбонатного материала, приведшая к отклонению состава базитов от поля мантийной корреляции в сторону обогащения радиогенным стронцием. 
337 |a Adobe Reader 
461 1 |0 (RuTPU)RU\TPU\book\176237  |t Известия Томского политехнического университета [Известия ТПУ]  |f Томский политехнический университет (ТПУ)  |d 2000- 
463 1 |0 (RuTPU)RU\TPU\book\203786  |x 1684-8519  |t Т. 317, № 1: Науки о Земле  |v [С. 92-97]  |d 2010  |p 227 с. 
610 1 |a девонский магматизм 
610 1 |a Алтае-Саянская рифтогенная система 
610 1 |a базиты 
610 1 |a геохимические характеристики 
610 1 |a Sr-Nd изотопные характеристики 
610 1 |a магматические источники 
610 1 |a геодинамическая обстановка 
610 1 |a электронный ресурс 
700 1 |a Воронцов  |b А. А. 
701 1 |a Федосеев  |b Г. С. 
801 1 |a RU  |b 63413507  |c 20090623  |g PSBO 
801 2 |a RU  |b 63413507  |c 20211223  |g PSBO 
856 4 |u http://www.lib.tpu.ru/fulltext/v/Bulletin_TPU/2010/v317/i1/16.pdf 
942 |c CF